Hawaii True.... or False - Statistics

General Stats
  • This quiz has been taken 177 times
  • The average score is 9 of 12
Answer Stats
Question Answer % Correct
Hawaii is Republican State False
100%
Hawaii was once an independent nation True
100%
Barrack Obama was borned in Hawaii True
100%
The archipelogo of Hawaii was first named "the Sandwich Islands". True
100%
Honolulu is a Landlocked city False
90%
Hawaii has population less then Alaska False
90%
Hawaii was the last State to join United States True
90%
Hawaii has literacy level below 50% False
80%
Mauna Kea is also known as Mauna Loa False
70%
It snows in Hawaii True
70%
Hawaii is Western most US State False
20%
Most people in Hawaii belongs to Protestantism True
20%
No matching quizzes found
Score Distribution
Percent of People with Each Score
Percentile by Number Answered
Your Score History
You have not taken this quiz